<?xml version="1.0" encoding="UTF-8"?>
<record
    xmlns:xsi="http://www.w3.org/2001/XMLSchema-instance"
    xsi:schemaLocation="http://www.loc.gov/MARC21/slim http://www.loc.gov/standards/marcxml/schema/MARC21slim.xsd"
    xmlns="http://www.loc.gov/MARC21/slim">

  <leader>00514nam a2200157Ia 4500</leader>
  <controlfield tag="008">220531s9999    xx            000 0 und d</controlfield>
  <datafield tag="041" ind1=" " ind2=" ">
    <subfield code="a">mar</subfield>
  </datafield>
  <datafield tag="100" ind1=" " ind2=" ">
    <subfield code="a">&#x906;&#x917;&#x932;&#x93E;&#x935;&#x947;  &#x92A;&#x94D;&#x930;&#x926;&#x940;&#x92A;</subfield>
    <subfield code="9">53346</subfield>
  </datafield>
  <datafield tag="245" ind1=" " ind2=" ">
    <subfield code="a">&#x938;&#x93E;&#x92E;&#x93E;&#x91C;&#x93F;&#x915; &#x938;&#x902;&#x936;&#x94B;&#x927;&#x928; &#x92A;&#x927;&#x94D;&#x200D;&#x926;&#x924;&#x940;&#x936;&#x93E;&#x938;&#x94D;&#x200D;&#x924;&#x94D;&#x930; &#x935; &#x924;&#x902;&#x924;&#x94D;&#x930;&#x947;</subfield>
  </datafield>
  <datafield tag="260" ind1=" " ind2=" ">
    <subfield code="a">Pune</subfield>
    <subfield code="b">Shri Sainath</subfield>
    <subfield code="c">2009</subfield>
  </datafield>
  <datafield tag="300" ind1=" " ind2=" ">
    <subfield code="a">587</subfield>
  </datafield>
  <datafield tag="542" ind1=" " ind2=" ">
    <subfield code="d">04-10-2010</subfield>
  </datafield>
  <datafield tag="650" ind1=" " ind2=" ">
    <subfield code="a">Sociology</subfield>
    <subfield code="9">53347</subfield>
  </datafield>
  <datafield tag="906" ind1=" " ind2=" ">
    <subfield code="d">2010-2011</subfield>
    <subfield code="e">price recovered</subfield>
  </datafield>
  <datafield tag="999" ind1=" " ind2=" ">
    <subfield code="c">30895</subfield>
    <subfield code="d">30895</subfield>
  </datafield>
  <datafield tag="952" ind1=" " ind2=" ">
    <subfield code="0">0</subfield>
    <subfield code="1">0</subfield>
    <subfield code="2">ddc</subfield>
    <subfield code="4">0</subfield>
    <subfield code="7">0</subfield>
    <subfield code="8">ARTS</subfield>
    <subfield code="a">SSMM</subfield>
    <subfield code="b">SSMM</subfield>
    <subfield code="d">2010-10-04</subfield>
    <subfield code="e">Diamand</subfield>
    <subfield code="g">400.00</subfield>
    <subfield code="l">4</subfield>
    <subfield code="n">5</subfield>
    <subfield code="o">/-/B/11894</subfield>
    <subfield code="p">SSMM-BK-11894</subfield>
    <subfield code="q">2025-08-06</subfield>
    <subfield code="r">2025-07-07 00:00:00</subfield>
    <subfield code="s">2025-07-07</subfield>
    <subfield code="w">2022-08-06</subfield>
    <subfield code="y">BK</subfield>
    <subfield code="z">010011894</subfield>
  </datafield>
</record>
